000 00761nam a2200217 a 4500
001 BRCA_1114
005 20190320203303.0
008 001205s2000 sp-a---##b---#000-0#spa-#
020 _a8479593237
040 _aDLC
_cDLC
050 4 _aNK2715
_b.M37 2000
100 1 _aMárquez Hidalgo, Juana
_93677
245 1 0 _aLos muebles del Palacio de Viana
_bestudio histórico artístico de los muebles de asiento
_cJuana Márquez Hidalgo.
260 _aCórdoba
_bPublicaciones Obra Social y Cultural CajaSur
_c2000
300 _a245 p.
_bil.
_c24 cm.
500 _aIncluye tabla de Ambivalencias
504 _aBibliografía: p. 153-159
610 2 4 _aPalacio de la Casa de Viana (Córdoba, España)
_93678
650 1 4 _aSillas
_xHistoria
_zEspaña
_93679
942 _2lcc
_cB
999 _c993
_d993